WordPress 3: desarrollo de proyectos web (Registro nro. 3012)
[ vista simple ]
| 000 -Cabecera | |
|---|---|
| Campo de control de longitud fija | 00638aam a2200241 4500 |
| 005 - Fecha y hora de la última transacción | |
| Campo de control | 20250701154528.0 |
| 008 - Elementos de longitud fija--Información general | |
| Campo de control de longitud fija | 150624b2011 xxu||||| |||| 00| 0 spa d |
| 041 ## - Idioma | |
| Código de idioma | Español |
| 082 ## - Clasificación Decimal Dewey | |
| Número de clasificación | 006.78 W187w |
| 100 ## - Entrada principal--Autor personal | |
| Nombre personal | Wallace, Heather R. |
| 245 ## - Título propiamente dicho | |
| Título | WordPress 3: desarrollo de proyectos web |
| 260 ## - Pie de imprenta | |
| Lugar de publicación, distribución, etc. | España |
| Nombre del editor, distribuidor, etc. | Anaya |
| Fecha de publicación, distribución, etc. | 2011 |
| 300 ## - Descripción física | |
| Extensión | 304 páginas |
| 490 ## - Serie | |
| Título de la Serie | Tecnologías de la Información |
| 650 ## - Materia general | |
| Temática (materia general) | WORDPRESS 3 |
| 650 ## - Materia general | |
| Temática (materia general) | BLOGS |
| 650 ## - Materia general | |
| Temática (materia general) | PORTAL COMUNITARIO |
| 650 ## - Materia general | |
| Temática (materia general) | SITIO WEB |
| 650 ## - Materia general | |
| Temática (materia general) | COMERCIO ELECTRÓNICO |
| 650 ## - Materia general | |
| Temática (materia general) | SITO PARA EL CONSUMIDOR |
| 650 ## - Materia general | |
| Temática (materia general) | PORTAL DE EMPLEO |
| 942 ## - Punto de acceso adicional KOHA | |
| Tipo de ítem KOHA | Libro |
| Fuente del sistema de clasificación o colocación | Dewey Decimal Classification |
| Signatura completa | Código de barras | Programa Académico | Tipo de ítem |
|---|---|---|---|
| 006.78 W187w | 17730 | Tecnologías de Información | Libro |